|
|
|
|
| LEADER |
00000nam a2200000 a 4500 |
| 005 |
20120207150725.0 |
| 007 |
cr|||| |||| |
| 008 |
031210s2003 sp |||||| 001 ||spa|| |
| 020 |
|
|
|a 8497680480 (Marcial Pons)
|
| 020 |
|
|
|a 8470886134 (INAP)
|
| 035 |
|
|
|a 6068
|
| 040 |
|
|
|d vLex
|
| 090 |
|
|
|c 2981
|d 2981
|
| 100 |
1 |
|
|a Schmidt-Assmann, Eberhard
|
| 245 |
1 |
3 |
|a La Teora̕ general del derecho administrativo como sistema
|h [Recurso electrn̤ico] :
|b objeto y fundamentos de la construccin̤ sistemt̀ica /
|c Eberhard Schmidt-Assmann ; prl̤ogo de Antonio Lp̤ez Pina ; traductores: Mariano Bacigalupo ... [et al.]
|
| 256 |
|
|
|a Servicio en ln̕ea
|
| 260 |
|
|
|a Madrid [etc.] :
|b Instituto Nacional de Administracin̤ Pb︢lica :
|b Marcial Pons,
|c 2003
|
| 300 |
|
|
|a 1 recurso electrn̤ico
|
| 500 |
|
|
|a Tt̕ulo original: Das Allgemeine Verwaltungsrecht als Ordnungs Idee
|
| 504 |
|
|
|a Bibliografa̕. Índice
|
| 506 |
1 |
|
|a Contenido solo disponible en los productos indicados
|d vLex Global
|d vLex Global (Academic Edition, excluding Law Schools)
|d vLex Global (U.S. Academic Edition, Law Schools)
|d vLex Global (U.S. Academic Edition, excluding Law Schools)
|d vLex Global (Academic Edition, Law Schools)
|
| 650 |
0 |
4 |
|a Derecho administrativo
|z Alemania
|
| 650 |
0 |
4 |
|a Procedimiento administrativo
|z Alemania
|
| 700 |
1 |
|
|a Lp̤ez Pina, Antonio
|
| 700 |
1 |
|
|a Bacigalupo, Mariano
|
| 740 |
0 |
|
|a vLex Libros (Servicio en ln̕ea)
|
| 856 |
4 |
0 |
|u http://vlex.com/source/teoria-general-derecho-administrativo-sistema-6068
|z Acceso restringido
|
| 942 |
|
|
|c BOOK
|
| 999 |
0 |
|
|a Administrative law
|
| 999 |
0 |
|
|a Administrative procedure
|